00313nam a2200109Ia 4500008004100000020001800041040002900059050002300088100001700111245003400128260004100162221221s9999 xx 000 0 und d a0-312-42088-9 cChuka University Library aHF 1101bS255 1987 aSaleemi ,N.A 0aBusiness education simplified aN.A saleemi publisherbNairobic1987